Catálogo
 En Linea

Enfoques de la obra de Trujillo / (Registro nro. 21123)

Detalles MARC
000 -CABECERA
campo de control de longitud fija 00929nam a2200217 a 4500
001 - NÚMERO DE CONTROL
campo de control 000021624
005 - FECHA Y HORA DE LA ÚLTIMA TRANSACCIÓN
campo de control 20240229073935.0
008 - DATOS DE LONGITUD FIJA--INFORMACIÓN GENERAL
campo de control de longitud fija 100909s1958 dr r 000 0 spa d
040 ## - FUENTE DE LA CATALOGACIÓN
Centro catalogador/agencia de origen DO-SdBNP
Lengua de catalogación spa
Centro/agencia transcriptor BNPHU
082 ## - NÚMERO DE LA CLASIFICACIÓN DECIMAL DEWEY
Número de clasificación 972.93053
Número de documento/Ítem S715e
100 1# - ENTRADA PRINCIPAL--NOMBRE DE PERSONA
Nombre de persona Sosa, Andrés Nicolás
9 (RLIN) 44997
245 10 - MENCIÓN DE TÍTULO
Título Enfoques de la obra de Trujillo /
Mención de responsabilidad, etc. Andrés Nicolás Sosa.
260 ## - PUBLICACIÓN, DISTRIBUCIÓN, ETC.
Lugar de publicación, distribución, etc. Ciudad Trujillo, República Dominicana :
Nombre del editor, distribuidor, etc. [s.n.],
Fecha de publicación, distribución, etc. 1958.
300 ## - DESCRIPCIÓN FÍSICA
Extensión 150 p. ;
Dimensiones 22 cm.
500 ## - NOTA GENERAL
Nota general Incluye notas al pie de las páginas
500 ## - NOTA GENERAL
Nota general Este libro se compone de articulos publicados ocasionalmente en ¨El Caribe¨de Ciudad de Trujillo e en ¨La Información¨de Santiago.
590 ## - NOTA LOCAL (RLIN)
Nota local Inventariado, 2018/BT
600 10 - PUNTO DE ACCESO ADICIONAL DE MATERIA--NOMBRE DE PERSONA
Nombre de persona Trujillo Molina, Rafael Leónidas,
Fechas asociadas al nombre 1891-1961
9 (RLIN) 76764
651 #4 - PUNTO DE ACCESO ADICIONAL DE MATERIA--NOMBRE GEOGRÁFICO
Nombre geográfico República Dominicana
Subdivisión general Historia
Subdivisión cronológica ERA DE TRUJILLO, 1930-1961
Subdivisión de forma ENSAYOS, CONFERENCIAS, ETC.
9 (RLIN) 12749
910 ## - DATOS DE OPCIÓN DEL USUARIO (OCLC)
Datos de opción del usuario Validado. Control de calidad MFF
Existencias
Estado de retiro Estado de pérdida Restricciones de uso No para préstamo Código de colección Localización permanente Ubicación/localización actual Ubicación en estantería Fecha de adquisición Número de inventario Total de préstamos Signatura topográfica completa Código de barras Fecha visto por última vez Precio válido a partir de Tipo de ítem Koha Nota pública Número de copia
      Excluido de préstamo Raros y valiosos Patrimonio Dominicano Patrimonio Dominicano Depósito 09.09.2010 LF1   972.93053 S715e 21624-10 25.06.2020 25.06.2020 No se presta Perteneció a la biblioteca personal de Martínez Boog.  
      Excluido de préstamo Raros y valiosos Patrimonio Dominicano Patrimonio Dominicano Depósito 09.09.2010 LF1   972.93053 S715e 21624-20 25.06.2020 25.06.2020 No se presta   e. 2
        Raros y valiosos Patrimonio Dominicano Patrimonio Dominicano Depósito 05.07.2011 LF1   972.93053 S715e 21624-30 25.06.2020 25.06.2020 Préstamo en sala Perteneció a la biblioteca personal de Martínez Boog. e. 3
        Raros y valiosos Patrimonio Dominicano Patrimonio Dominicano Depósito 06.09.2018 LF1   972.93053 S715e 21624-40 25.06.2020 25.06.2020 Préstamo en sala   e. 4
        Raros y valiosos Patrimonio Dominicano Patrimonio Dominicano Depósito 06.09.2018 LF1   972.93053 S715e 21624-50 25.06.2020 25.06.2020 Préstamo en sala   e. 5

Con tecnología Koha